000 00294nam a22001337a 4500
008 181029b xxu||||| |||| 00| 0 eng d
020 _a2740185740251
041 _aeng
080 _a159.9
100 _a19
101 _apsi
245 _aMulticultural Psychology
_cScott.J
942 _2udc
_cBK
999 _c50978
_d50978